00522nam a2200169 a 450000100100000000500170001000800410002702000150006804000250008310000310010824500440013926000340018330000210021749000220023850000700026083000220033000004443520201002045354.0140630s1995 mx 000 0 spa d a0679763325 aDO-SdBNPbspacBNPHU1 aTaibo, Paco Ignaciod1949-10aAlgunas nubes /cPaco Ignacio Taibo II. aMéxico :bAlfaguara,c1995. a131 p. ;c22 cm.1 aVintage español aIncluye datos biográficas del autor en la solapa de la cubierta 0aVintage español